<?xml version="1.0" encoding="UTF-8"?>
<record
    xmlns:xsi="http://www.w3.org/2001/XMLSchema-instance"
    xsi:schemaLocation="http://www.loc.gov/MARC21/slim http://www.loc.gov/standards/marcxml/schema/MARC21slim.xsd"
    xmlns="http://www.loc.gov/MARC21/slim">

  <leader>01454nam a2200361 i 4500</leader>
  <controlfield tag="003">CO-BoRNBP</controlfield>
  <controlfield tag="005">20250217104806.0</controlfield>
  <controlfield tag="007">ta</controlfield>
  <controlfield tag="008">250217s2023    ck a|||| |||| 00| 0 spa d</controlfield>
  <datafield tag="020" ind1=" " ind2=" ">
    <subfield code="a">9789585532632</subfield>
  </datafield>
  <datafield tag="040" ind1=" " ind2=" ">
    <subfield code="a">CO-BoRNBP</subfield>
    <subfield code="b">spa</subfield>
    <subfield code="c">CO-BoRNBP</subfield>
    <subfield code="e">rda</subfield>
  </datafield>
  <datafield tag="041" ind1=" " ind2=" ">
    <subfield code="a">spa</subfield>
    <subfield code="h">por</subfield>
  </datafield>
  <datafield tag="084" ind1=" " ind2=" ">
    <subfield code="a">C CAM25</subfield>
  </datafield>
  <datafield tag="100" ind1="1" ind2=" ">
    <subfield code="a">Camanho, Alexandre</subfield>
    <subfield code="d">1972-</subfield>
    <subfield code="e">autor</subfield>
    <subfield code="9">58426</subfield>
  </datafield>
  <datafield tag="245" ind1="1" ind2="4">
    <subfield code="a">Los tres ratones de chantilly/</subfield>
    <subfield code="c">ilustraciones y texto Alexandre Camanho; traducci&#xF3;n, Jorge Eli&#xE9;cer Rodr&#xED;guez Pereira</subfield>
  </datafield>
  <datafield tag="250" ind1=" " ind2=" ">
    <subfield code="a">Edici&#xF3;n especial</subfield>
  </datafield>
  <datafield tag="264" ind1=" " ind2="1">
    <subfield code="a">Bogota, Colombia</subfield>
    <subfield code="b">Cangrejo Editores, </subfield>
    <subfield code="c">2023</subfield>
  </datafield>
  <datafield tag="300" ind1=" " ind2=" ">
    <subfield code="a">46 p&#xE1;ginas, </subfield>
    <subfield code="b">ilustraciones a color, </subfield>
    <subfield code="c">28 cm</subfield>
  </datafield>
  <datafield tag="336" ind1=" " ind2=" ">
    <subfield code="2">rdacontent</subfield>
    <subfield code="a">texto</subfield>
    <subfield code="b">txt</subfield>
  </datafield>
  <datafield tag="337" ind1=" " ind2=" ">
    <subfield code="2">rdamedia</subfield>
    <subfield code="a">sin mediaci&#xF3;n</subfield>
    <subfield code="b">n</subfield>
  </datafield>
  <datafield tag="338" ind1=" " ind2=" ">
    <subfield code="2">rdacarrier</subfield>
    <subfield code="a">volumen</subfield>
    <subfield code="b">nc</subfield>
  </datafield>
  <datafield tag="490" ind1=" " ind2=" ">
    <subfield code="a">Plan Nacional de Lectura, Escritura y Oralidad</subfield>
    <subfield code="p">Ministerio de Cultura</subfield>
  </datafield>
  <datafield tag="521" ind1=" " ind2=" ">
    <subfield code="a">Recomendado para un p&#xFA;blico infantil a partir d los 6 a&#xF1;os</subfield>
  </datafield>
  <datafield tag="534" ind1=" " ind2=" ">
    <subfield code="t">Os tres ratos de chantilly</subfield>
  </datafield>
  <datafield tag="586" ind1=" " ind2=" ">
    <subfield code="a">Premio Jabuti 2015. ilustraci&#xF3;n de libro infantil</subfield>
  </datafield>
  <datafield tag="586" ind1=" " ind2=" ">
    <subfield code="a">Premio FNLIJ. mejor ilustraci&#xF3;n 2015</subfield>
  </datafield>
  <datafield tag="650" ind1="1" ind2="7">
    <subfield code="2">ARMARC</subfield>
    <subfield code="a">Cuentos infantiles brasile&#xF1;os</subfield>
    <subfield code="v">Siglo XX</subfield>
    <subfield code="9">58427</subfield>
  </datafield>
  <datafield tag="650" ind1="1" ind2="7">
    <subfield code="2">ARMARC</subfield>
    <subfield code="a">Literatura infantil brasile&#xF1;a</subfield>
    <subfield code="v">Siglo XX</subfield>
    <subfield code="9">58428</subfield>
  </datafield>
  <datafield tag="650" ind1="1" ind2="7">
    <subfield code="2">ARMARC</subfield>
    <subfield code="a">Ceguera en la literatura</subfield>
    <subfield code="9">58429</subfield>
  </datafield>
  <datafield tag="650" ind1="1" ind2="7">
    <subfield code="2">ARMARC</subfield>
    <subfield code="a">Intuici&#xF3;n en la literatura</subfield>
    <subfield code="9">58430</subfield>
  </datafield>
  <datafield tag="700" ind1="1" ind2=" ">
    <subfield code="a">Rodr&#xED;guez Pereira, Jorge Eli&#xE9;cer </subfield>
    <subfield code="e">traductor</subfield>
    <subfield code="9">58431</subfield>
  </datafield>
  <datafield tag="942" ind1=" " ind2=" ">
    <subfield code="2">ddc</subfield>
    <subfield code="c">BKINF</subfield>
  </datafield>
  <datafield tag="999" ind1=" " ind2=" ">
    <subfield code="c">56911</subfield>
    <subfield code="d">56911</subfield>
  </datafield>
  <datafield tag="952" ind1=" " ind2=" ">
    <subfield code="0">0</subfield>
    <subfield code="1">0</subfield>
    <subfield code="2">ddc</subfield>
    <subfield code="4">0</subfield>
    <subfield code="7">0</subfield>
    <subfield code="8">INF</subfield>
    <subfield code="a">MEGUAMAL</subfield>
    <subfield code="b">MEGUAMAL</subfield>
    <subfield code="c">SInf</subfield>
    <subfield code="d">2025-02-04</subfield>
    <subfield code="l">0</subfield>
    <subfield code="o">C CAM25</subfield>
    <subfield code="p">GUA004766</subfield>
    <subfield code="r">2025-02-17 10:04:13</subfield>
    <subfield code="t">Ej.1</subfield>
    <subfield code="w">2025-02-17</subfield>
    <subfield code="y">BKINF</subfield>
  </datafield>
  <datafield tag="952" ind1=" " ind2=" ">
    <subfield code="0">0</subfield>
    <subfield code="1">0</subfield>
    <subfield code="2">ddc</subfield>
    <subfield code="4">0</subfield>
    <subfield code="7">0</subfield>
    <subfield code="8">INF</subfield>
    <subfield code="a">MESGUARO</subfield>
    <subfield code="b">MESGUARO</subfield>
    <subfield code="c">SInf</subfield>
    <subfield code="d">2025-08-19</subfield>
    <subfield code="l">0</subfield>
    <subfield code="o">C CAM25</subfield>
    <subfield code="p">SG04027</subfield>
    <subfield code="r">2025-08-19 21:13:54</subfield>
    <subfield code="t">Ej.1</subfield>
    <subfield code="w">2025-08-19</subfield>
    <subfield code="y">BKINF</subfield>
  </datafield>
  <datafield tag="952" ind1=" " ind2=" ">
    <subfield code="0">0</subfield>
    <subfield code="1">0</subfield>
    <subfield code="2">ddc</subfield>
    <subfield code="4">0</subfield>
    <subfield code="7">0</subfield>
    <subfield code="8">INF</subfield>
    <subfield code="a">MEMAPIRI</subfield>
    <subfield code="b">MEMAPIRI</subfield>
    <subfield code="c">SInf</subfield>
    <subfield code="d">2025-08-20</subfield>
    <subfield code="l">0</subfield>
    <subfield code="o">C CAM25</subfield>
    <subfield code="p">MAP00004327</subfield>
    <subfield code="r">2025-08-20 14:53:17</subfield>
    <subfield code="t">Ej.1</subfield>
    <subfield code="w">2025-08-20</subfield>
    <subfield code="y">BKINF</subfield>
  </datafield>
  <datafield tag="952" ind1=" " ind2=" ">
    <subfield code="0">0</subfield>
    <subfield code="1">0</subfield>
    <subfield code="2">lcc</subfield>
    <subfield code="4">0</subfield>
    <subfield code="7">0</subfield>
    <subfield code="8">INF</subfield>
    <subfield code="a">MESJUANI</subfield>
    <subfield code="b">MESJUANI</subfield>
    <subfield code="c">SInf</subfield>
    <subfield code="d">2025-08-22</subfield>
    <subfield code="l">0</subfield>
    <subfield code="o">C CAM25</subfield>
    <subfield code="p">SJU01613</subfield>
    <subfield code="r">2025-08-22 15:25:12</subfield>
    <subfield code="t">Ej.1</subfield>
    <subfield code="w">2025-08-22</subfield>
    <subfield code="y">BKINF</subfield>
  </datafield>
  <datafield tag="952" ind1=" " ind2=" ">
    <subfield code="0">0</subfield>
    <subfield code="1">0</subfield>
    <subfield code="2">ddc</subfield>
    <subfield code="4">0</subfield>
    <subfield code="7">0</subfield>
    <subfield code="8">INF</subfield>
    <subfield code="a">MESMARTI</subfield>
    <subfield code="b">MESMARTI</subfield>
    <subfield code="c">SInf</subfield>
    <subfield code="d">2025-09-18</subfield>
    <subfield code="l">0</subfield>
    <subfield code="o">C CAM25</subfield>
    <subfield code="p">SM04141</subfield>
    <subfield code="r">2025-09-18 16:38:40</subfield>
    <subfield code="t">Ej.1</subfield>
    <subfield code="w">2025-09-18</subfield>
    <subfield code="y">BKINF</subfield>
  </datafield>
  <datafield tag="952" ind1=" " ind2=" ">
    <subfield code="0">0</subfield>
    <subfield code="1">0</subfield>
    <subfield code="2">ddc</subfield>
    <subfield code="4">0</subfield>
    <subfield code="7">0</subfield>
    <subfield code="8">INF</subfield>
    <subfield code="a">MECASTIL</subfield>
    <subfield code="b">MECASTIL</subfield>
    <subfield code="c">SInf</subfield>
    <subfield code="d">2025-09-22</subfield>
    <subfield code="l">0</subfield>
    <subfield code="o">C CAM25</subfield>
    <subfield code="p">EC01990</subfield>
    <subfield code="r">2025-09-22 20:19:44</subfield>
    <subfield code="t">Ej.1</subfield>
    <subfield code="w">2025-09-22</subfield>
    <subfield code="y">BKINF</subfield>
  </datafield>
  <datafield tag="952" ind1=" " ind2=" ">
    <subfield code="0">0</subfield>
    <subfield code="1">0</subfield>
    <subfield code="2">ddc</subfield>
    <subfield code="4">0</subfield>
    <subfield code="7">0</subfield>
    <subfield code="8">INF</subfield>
    <subfield code="a">MEGRANAD</subfield>
    <subfield code="b">MEGRANAD</subfield>
    <subfield code="c">SInf</subfield>
    <subfield code="d">2026-01-29</subfield>
    <subfield code="e">Biblioteca Nacional de Colombia</subfield>
    <subfield code="l">0</subfield>
    <subfield code="o">C CAM25</subfield>
    <subfield code="p">GRDA00625</subfield>
    <subfield code="r">2026-01-29 21:47:27</subfield>
    <subfield code="t">Ej.1</subfield>
    <subfield code="w">2026-01-29</subfield>
    <subfield code="y">BKINF</subfield>
  </datafield>
  <datafield tag="952" ind1=" " ind2=" ">
    <subfield code="0">0</subfield>
    <subfield code="1">0</subfield>
    <subfield code="2">ddc</subfield>
    <subfield code="4">0</subfield>
    <subfield code="7">0</subfield>
    <subfield code="8">INF</subfield>
    <subfield code="a">MEPLOPEZ</subfield>
    <subfield code="b">MEPLOPEZ</subfield>
    <subfield code="c">SInf</subfield>
    <subfield code="d">2026-02-09</subfield>
    <subfield code="l">0</subfield>
    <subfield code="o">C CAM25</subfield>
    <subfield code="p">PLZ01721</subfield>
    <subfield code="r">2026-02-09 14:49:59</subfield>
    <subfield code="t">Ej.1</subfield>
    <subfield code="w">2026-02-09</subfield>
    <subfield code="y">BKINF</subfield>
  </datafield>
</record>
